000 00312nam a2200145Ia 4500
100 _aOestereich/ Bernd
942 _cBK
654 _acomputer
245 _aDeveloping Software with UML
260 _bAddison Wesly
_c1999
082 _a005.133'UML
_bBOO
300 _a321
546 _aENGLISH
999 _c30839
_d30839